| Tag |
First Indicator |
Second Indicator |
Subfields |
| LEADER |
00000cam a2200000 a 4500 |
| 001 |
in00001446607 |
| 005 |
20151020112321.0 |
| 008 |
970820s1998 maua b 001 0 eng d |
| 010 |
|
|
|a 97036963
|
| 020 |
|
|
|a 0792380266
|
| 035 |
|
|
|a (OCoLC)37527662
|
| 035 |
|
|
|9 AJB7454AM
|
| 040 |
|
|
|a DLC
|c DLC
|d TXA
|d UtOrBLW
|
| 049 |
|
|
|a TXAM
|
| 050 |
0 |
0 |
|a HF5549.5.T7
|b E883 1998
|
| 082 |
0 |
0 |
|a 973/.0496073/0082
|2 21
|
| 245 |
0 |
0 |
|a Evaluating corporate training :
|b models and issues /
|c edited by Stephen M. Brown nd Constance J. Seidner.
|
| 264 |
|
1 |
|a Boston :
|b Kluwer Academic Publishers,
|c [1998]
|
| 264 |
|
4 |
|c ©1998
|
| 300 |
|
|
|a x, 390 pages :
|b illustrations ;
|c 24 cm.
|
| 336 |
|
|
|a text
|b txt
|2 rdacontent
|
| 337 |
|
|
|a unmediated
|b n
|2 rdamedia
|
| 338 |
|
|
|a volume
|b nc
|2 rdacarrier
|
| 490 |
1 |
|
|a Evaluation in education and human services
|
| 504 |
|
|
|a Includes bibliographical references and index.
|
| 650 |
|
0 |
|a Employees
|x Training of
|x Evaluation.
|
| 650 |
|
0 |
|a Personnel management
|x Research
|x Methodology.
|
| 700 |
1 |
|
|a Brown, Stephen M.
|q (Stephen Michael),
|d 1950-
|
| 700 |
1 |
|
|a Seidner, Constance J.
|
| 830 |
|
0 |
|a Evaluation in education and human services.
|
| 948 |
|
|
|a C:BLW
|d 20031215
|
| 999 |
|
|
|a MARS
|
| 999 |
f |
f |
|s 1916a008-724d-352b-9760-07e134dfe5be
|i c2cae2c3-2969-3de1-b563-81399add577f
|t 0
|
| 952 |
f |
f |
|p ric
|a Texas A&M University
|b Rellis Campus
|c Joint Library Facility
|d Remote Storage
|t 0
|e HF5549.5.T7 E883 1998
|h Library of Congress classification
|i unmediated -- volume
|m A14822313476
|
| 998 |
f |
f |
|a HF5549.5.T7 E883 1998
|t 0
|l Remote Storage
|